000 00311nam a2200121Ia 4500
008 190216s9999||||xx |||||||||||||| ||und||
100 _aPattanshetti C &reddy
245 0 _aCompany Secretarial Practise
260 _bPrentice Hall Of India Pvt Ltd
_c1981
300 _a365p
650 _aCommerce
942 _cBK
999 _c5014
_d5014